علم طبقات المحدثين : (رقم التسجيلة. 26245)
[ عرض عادي ]
| 000 -LEADER | |
|---|---|
| fixed length control field | 00607nam a22002057a 4500 |
| 005 - DATE AND TIME OF LATEST TRANSACTION | |
| control field | 20251108165352.0 |
| 008 - FIXED-LENGTH DATA ELEMENTS--GENERAL INFORMATION | |
| fixed length control field | 250721s1994 xx 000 0 ara d |
| 082 14 - DEWEY DECIMAL CLASSIFICATION NUMBER | |
| Classification number | م/922.13/أسع |
| 100 1# - MAIN ENTRY--PERSONAL NAME | |
| Personal name | تيم، أسعد سالم |
| 245 10 - TITLE STATEMENT | |
| Title | علم طبقات المحدثين : |
| Remainder of title | أهميته و فوائده / |
| 264 1# - PRODUCTION, PUBLICATION, DISTRIBUTION, MANUFACTURE, AND COPYRIGHT NOTICE | |
| Place of production, publication, distribution, manufacture | الرياض : |
| Name of producer, publisher, distributor, manufacturer | مكتبة الرشد، |
| Date of production, publication, distribution, manufacture, or copyright notice | 1994. |
| 300 ## - PHYSICAL DESCRIPTION | |
| Extent | 224ص |
| 650 17 - SUBJECT ADDED ENTRY--TOPICAL TERM | |
| Topical term or geographic name as entry element | المحدثون |
| 650 17 - SUBJECT ADDED ENTRY--TOPICAL TERM | |
| Topical term or geographic name as entry element | رجال الحديث |
| 650 17 - SUBJECT ADDED ENTRY--TOPICAL TERM | |
| Topical term or geographic name as entry element | التراجم |
| 650 17 - SUBJECT ADDED ENTRY--TOPICAL TERM | |
| Topical term or geographic name as entry element | الإسلام |
| 650 17 - SUBJECT ADDED ENTRY--TOPICAL TERM | |
| Topical term or geographic name as entry element | الحديث الشريف |
| 942 ## - ADDED ENTRY ELEMENTS (KOHA) | |
| Source of classification or shelving scheme | Dewey Decimal Classification |
| Koha item type | مراجع |
| حالة السحب | حالة الفقدان | مصدر التصنيف | حالة التلف | غير قابل للإعارة | المكتبة الرئيسية | المكتبة الحالية | موقع الرف | تاريخ التزويد | الرقم المتسلسل | Total Checkouts | رقم الإستدعاء | الباركود | تاريخ آخر ظهور | تاريخ الفاتورة | نوع المادة (كوها) |
|---|---|---|---|---|---|---|---|---|---|---|---|---|---|---|---|
| Dewey Decimal Classification | Not For Loan | المكتبة المركزية | المكتبة المركزية | مراجع | 06/07/2004 | 185049 | م/922.13/أسع | 185049 | 28/07/2025 | 06/07/2004 | مراجع | ||||
| Dewey Decimal Classification | Not For Loan | مكتبة أم قصير والمقابلين العامة | مكتبة أم قصير والمقابلين العامة | مراجع | 29/10/2014 | [ 2822 ] | م/922.13/أسع | PLD00356537 | 28/07/2025 | 29/10/2014 | مراجع | ||||
| Dewey Decimal Classification | Not For Loan | مكتبة الأميرة ايمان العامة | مكتبة الأميرة ايمان العامة | مراجع | 06/07/2004 | 152 | م/922.13/أسع | DUP-02_152 | 28/07/2025 | 06/07/2004 | مراجع | ||||
| Dewey Decimal Classification | Not For Loan | مكتبة الاميرة بديعة | مكتبة الاميرة بديعة | مراجع | 29/07/2015 | [4014]. | م/922.13/أسع | PLD00339570 | 28/07/2025 | 29/07/2015 | مراجع | ||||
| Dewey Decimal Classification | Not For Loan | مكتبة الجويدة | مكتبة الجويدة | مراجع | 14/06/2015 | (3639) | م/922.13/أسع | PLD00330908 | 28/07/2025 | 14/06/2015 | مراجع | ||||
| Dewey Decimal Classification | Not For Loan | مكتبة صويلح العامة | مكتبة صويلح العامة | مراجع | 13/10/2019 | 0008185 | م/922.13/أسع | PLD00471633 | 28/07/2025 | 13/10/2019 | مراجع | ||||
| Dewey Decimal Classification | Not For Loan | مكتبة وادي السير العامة | مكتبة وادي السير العامة | مراجع | 10/04/2016 | [4435]. | م/922.13/أسع | PLD00385543 | 28/07/2025 | 10/04/2016 | مراجع |